| Tag |
First Indicator |
Second Indicator |
Subfields |
| LEADER |
00000cam a2200000Ia 4500 |
| 001 |
in00001663198 |
| 005 |
20151024121150.0 |
| 008 |
000710s1999 sp a b 000 1 spa d |
| 020 |
|
|
|a 8437606608
|
| 035 |
|
|
|a (OCoLC)ocm44553492
|
| 040 |
|
|
|a WRS
|c WRS
|d TXA
|d UtOrBLW
|
| 049 |
|
|
|a TXAM
|
| 090 |
|
|
|a PQ6407
|b .A1 1999
|
| 245 |
0 |
0 |
|a Lazarillo de Tormes /
|c edición de Francisco Rico ; con un apéndice bibliográfico por Bienvenido C. Morros.
|
| 250 |
|
|
|a 14a ed.
|
| 264 |
|
1 |
|a Madrid :
|b Cátedra,
|c [1999]
|
| 264 |
|
4 |
|c ©1999
|
| 300 |
|
|
|a 139, 191 pages :
|b illustrations ;
|c 18 cm.
|
| 336 |
|
|
|a text
|b txt
|2 rdacontent
|
| 337 |
|
|
|a unmediated
|b n
|2 rdamedia
|
| 338 |
|
|
|a volume
|b nc
|2 rdacarrier
|
| 490 |
1 |
|
|a Letras hispánicas ;
|v 44
|
| 504 |
|
|
|a Includes bibliographical references.
|
| 630 |
0 |
0 |
|a Lazarillo de Tormes.
|
| 700 |
1 |
|
|a Rico, Francisco.
|
| 700 |
1 |
|
|a Morros, Bienvenido.
|
| 830 |
|
0 |
|a Letras hispánicas ;
|v 44.
|
| 948 |
|
|
|a cataloged
|b h
|c 2002/2/26
|d c
|e jgreene
|f 6:28:58 pm
|
| 994 |
|
|
|a E0
|b TXA
|
| 999 |
|
|
|a MARS
|
| 999 |
f |
f |
|s f1170c2e-6377-397a-870b-87fb0b6eb7fd
|i e54309a8-5bef-3197-ba78-a81cbea5bbc0
|t 0
|
| 952 |
f |
f |
|p normal
|a Texas A&M University
|b College Station
|c Sterling C. Evans Library
|d Evans: Library Stacks
|t 0
|e PQ6407 .A1 1999
|h Library of Congress classification
|i unmediated -- volume
|m A14828534800
|
| 998 |
f |
f |
|a PQ6407 .A1 1999
|t 0
|l Evans: Library Stacks
|